Layer of protection analysis simplified process risk assessment

Gespeichert in:
Bibliographische Detailangaben
Körperschaft: American Institute of Chemical Engineers. Center for Chemical Process Safety
Format: Buch
Sprache:Englisch
Veröffentlicht: New York Center for Chemical Process Safety of the American Institute of Chemical Engineers 2001
Schriftenreihe:A CCPS concept book
Schlagworte:
Online-Zugang:Table of contents only
Publisher description
Im OPAC anzeigen
Tags: Tag hinzufügen
Keine Tags, Fügen Sie das erste Tag hinzu!

MARC

LEADER 00000cam a22000004a 4500
005 20260127134310.0
008 191118s2001 nyua b 001 0 eng
010 |a 2001-045674 
020 |a 0816908117 
035 |a vtls011901021 
039 9 |y 201911181024  |z mschk03 
040 |a DLC  |c DLC  |d DLC  |d STUSCHK1 
042 |a pcc 
080 0 0 |a 660/.2804  |2 21 
245 0 0 |a Layer of protection analysis  |b simplified process risk assessment 
260 |a New York  |b Center for Chemical Process Safety of the American Institute of Chemical Engineers  |c 2001 
300 |a xviii, 270 p.  |b ill.  |c 24 cm 
440 2 |a A CCPS concept book 
504 |a Includes bibliographical references (p. 251-258) and index. 
650 0 |a Chemical plants  |x Risk assessment. 
710 2 |a American Institute of Chemical Engineers.  |b Center for Chemical Process Safety. 
856 4 1 |3 Table of contents only  |u http://www.loc.gov/catdir/enhancements/fy0612/2001045674-t.html 
856 4 2 |3 Publisher description  |u http://www.loc.gov/catdir/enhancements/fy0612/2001045674-d.html 
906 |a 7  |b cbc  |c orignew  |d 1  |e ocip  |f 20  |g y-gencatlg 
910 |a SCHK95 
919 |a 978-0-8169-0811-0 
925 0 |a acquire  |b 2 shelf copies  |x policy default 
955 |d jp99 2001-08-06  |e jp14 2001-08-06 to Dewey  |f jp20 2001-11-14 (2 copies) to SL  |e jp14 2001-11-16 (2 copies) to BCCD 
999 |c 9126  |d 9126